OT 2025 Gala 8 - Estadísticas

Estadísticas generales
  • Esta prueba ha sido intentada 45 veces
  • La puntuación promedio es 6 de 9
Estadísticas de respuestas
Concursantes Cantante Real Canción % Correcto
Guille Toledano Estopa Como Camarón
97%
Cristina Cacho Castaña Garganta con arena
81%
Guillo Rist & Lucía Casani Amaia & Alizzz Sexo en la playa
81%
Tinho & Olivia Lady Gaga & Tony Bennett Cheek to Cheek
75%
María Cruz Nathy Peluso Envidia
69%
Crespo Dani Fernández Me has invitado a bailar
63%
Grupal (Todos) La La Love You & Elyella Que nada nos pare
63%
Claudia Arenas Sixpence None The Richer Kiss Me
56%
Téyou Peter Frampton Baby, I Love Your Way
25%
No se encontraron pruebas coincidentes
Distribución de puntuación
Porcentaje de gente con cada puntuación
Porcentaje por número respondido
Historial de tus puntuaciones
No has intentado esta prueba.